000 00363nam a2200145Ia 4500
005 20250729165728.0
008 250729s2010 xx 000 0 und d
041 _aeng
082 _a370.5 NEEM
100 _aDr.Neeraja Dhanu
_9231567
245 _aMoral Education
260 _aNewdelhi
_bA P H PUBLISHING
_c2010
300 _a165p
650 _aEducation
_9231568
999 _c239346
_d239346